<?xml version="1.0" encoding="UTF-8"?>
<record
    xmlns:xsi="http://www.w3.org/2001/XMLSchema-instance"
    xsi:schemaLocation="http://www.loc.gov/MARC21/slim http://www.loc.gov/standards/marcxml/schema/MARC21slim.xsd"
    xmlns="http://www.loc.gov/MARC21/slim">

  <leader>00608nam a22002057a 4500</leader>
  <controlfield tag="003">BD-DhSAU</controlfield>
  <controlfield tag="005">20150827100456.0</controlfield>
  <controlfield tag="008">150827b2006    ii a|||| |||| 00| 0 eng d</controlfield>
  <datafield tag="020" ind1=" " ind2=" ">
    <subfield code="a">8181890736</subfield>
  </datafield>
  <datafield tag="040" ind1=" " ind2=" ">
    <subfield code="a">BD-DhSAU</subfield>
  </datafield>
  <datafield tag="082" ind1=" " ind2=" ">
    <subfield code="2">22</subfield>
    <subfield code="a">590</subfield>
    <subfield code="b">Si646</subfield>
  </datafield>
  <datafield tag="100" ind1=" " ind2=" ">
    <subfield code="a">Singh, S. K.</subfield>
  </datafield>
  <datafield tag="245" ind1=" " ind2=" ">
    <subfield code="a">Specialities and Peculiarities of Wild Animals (at a Glance)</subfield>
    <subfield code="c">S. K. Singh</subfield>
  </datafield>
  <datafield tag="260" ind1=" " ind2=" ">
    <subfield code="a">Delhi:</subfield>
    <subfield code="b">International Book Distributing Co.,</subfield>
    <subfield code="c">2006</subfield>
  </datafield>
  <datafield tag="300" ind1=" " ind2=" ">
    <subfield code="a">viii, 68 p. :</subfield>
    <subfield code="b">ill. ;</subfield>
    <subfield code="c">10 cm.</subfield>
  </datafield>
  <datafield tag="590" ind1=" " ind2=" ">
    <subfield code="a">roy</subfield>
  </datafield>
  <datafield tag="650" ind1=" " ind2=" ">
    <subfield code="a">Wild amimals</subfield>
    <subfield code="x">Specialities </subfield>
  </datafield>
  <datafield tag="650" ind1=" " ind2=" ">
    <subfield code="a">Wild amimals</subfield>
    <subfield code="x"> Peculiarities</subfield>
  </datafield>
  <datafield tag="942" ind1=" " ind2=" ">
    <subfield code="2">ddc</subfield>
    <subfield code="c">BOOK</subfield>
  </datafield>
  <datafield tag="999" ind1=" " ind2=" ">
    <subfield code="c">10904</subfield>
    <subfield code="d">10903</subfield>
  </datafield>
  <datafield tag="952" ind1=" " ind2=" ">
    <subfield code="0">0</subfield>
    <subfield code="1">0</subfield>
    <subfield code="2">ddc</subfield>
    <subfield code="4">0</subfield>
    <subfield code="7">1</subfield>
    <subfield code="8">REF</subfield>
    <subfield code="a">BD-DhSAU</subfield>
    <subfield code="b">BD-DhSAU</subfield>
    <subfield code="c">REF</subfield>
    <subfield code="d">2014-06-25</subfield>
    <subfield code="l">0</subfield>
    <subfield code="o">590 Si646</subfield>
    <subfield code="p">38021</subfield>
    <subfield code="r">2015-08-27 00:00:00</subfield>
    <subfield code="w">2015-08-27</subfield>
    <subfield code="y">BOOK</subfield>
  </datafield>
  <datafield tag="952" ind1=" " ind2=" ">
    <subfield code="0">0</subfield>
    <subfield code="1">0</subfield>
    <subfield code="2">ddc</subfield>
    <subfield code="4">0</subfield>
    <subfield code="7">0</subfield>
    <subfield code="a">BD-DhSAU</subfield>
    <subfield code="b">BD-DhSAU</subfield>
    <subfield code="c">GEN</subfield>
    <subfield code="d">2014-06-25</subfield>
    <subfield code="l">0</subfield>
    <subfield code="o">590 Si646</subfield>
    <subfield code="p">38024</subfield>
    <subfield code="r">2015-08-27 00:00:00</subfield>
    <subfield code="w">2015-08-27</subfield>
    <subfield code="y">BOOK</subfield>
  </datafield>
  <datafield tag="952" ind1=" " ind2=" ">
    <subfield code="0">0</subfield>
    <subfield code="1">0</subfield>
    <subfield code="2">ddc</subfield>
    <subfield code="4">0</subfield>
    <subfield code="7">0</subfield>
    <subfield code="a">BD-DhSAU</subfield>
    <subfield code="b">BD-DhSAU</subfield>
    <subfield code="c">GEN</subfield>
    <subfield code="d">2014-06-25</subfield>
    <subfield code="l">0</subfield>
    <subfield code="o">590 Si646</subfield>
    <subfield code="p">38023</subfield>
    <subfield code="r">2015-08-27 00:00:00</subfield>
    <subfield code="w">2015-08-27</subfield>
    <subfield code="y">BOOK</subfield>
  </datafield>
  <datafield tag="952" ind1=" " ind2=" ">
    <subfield code="0">0</subfield>
    <subfield code="1">0</subfield>
    <subfield code="2">ddc</subfield>
    <subfield code="4">0</subfield>
    <subfield code="7">0</subfield>
    <subfield code="a">BD-DhSAU</subfield>
    <subfield code="b">BD-DhSAU</subfield>
    <subfield code="c">GEN</subfield>
    <subfield code="d">2014-06-25</subfield>
    <subfield code="l">0</subfield>
    <subfield code="o">590 Si646</subfield>
    <subfield code="p">38022</subfield>
    <subfield code="r">2015-08-27 00:00:00</subfield>
    <subfield code="w">2015-08-27</subfield>
    <subfield code="y">BOOK</subfield>
  </datafield>
</record>
